Online Catalogue and eLibrary

Facing odds : (Record no. 2606)

MARC details
000 -LEADER
fixed length control field 00355nam a2200133Ia 4500
005 - DATE AND TIME OF LATEST TRANSACTION
control field 20240429055442.0
008 - FIXED-LENGTH DATA ELEMENTS--GENERAL INFORMATION
fixed length control field 240331s9999 xx 000 0 und d
082 ## - DDC Classification
Item Number - Author Mark FAC
Class No. 331.4
245 #0 - TITLE STATEMENT
Title Facing odds :
Remainder of title women in the labour market
Statement of responsibility, etc. Centre for women's research
260 ## - PUBLICATION, DISTRIBUTION, ETC.
Place of publication, distribution, etc. Sri lanka
Name of publisher, distributor, etc. Cenwor
Date of publication, distribution, etc. 1995
300 ## - PHYSICAL DESCRIPTION
Extent (e.g. Volumes, Pages etc.) 183, p .,
650 ## - SUBJECT ADDED ENTRY--TOPICAL TERM
Topical term or geographic name entry element woman
942 ## - Koha item type (Biblio)
Koha item type Books in Stacks (Lending)
Holdings
Lost status Damaged status Collection code Home library Current library Shelving location Date acquired Full call number Accession Number Item type
    Lending WERC Library WERC Library Social Science Cupboard 03/31/2024 331.4 FAC 5160 Books in Stacks (Lending)

© WERC Library